| 000 | 01763nam0a2200349 4500 | ||
|---|---|---|---|
| 001 | RU\NLR\bibl\361827 | ||
| 005 | 20250621160833.0 | ||
| 021 |
_aRU _b2002-56015 _92721 |
||
| 035 | _a(NLR Aleph) 000356428 | ||
| 090 |
_a308254 _c308254 |
||
| 100 | _a20030128d2001 |||y0rusy50 ca | ||
| 101 | 0 | _arus | |
| 102 | _aRU | ||
| 105 | _aach ||||||||| | ||
| 200 | 1 |
_aМы защищали небо Москвы _fМихаил Халдеев |
|
| 210 |
_aМ. _cЖурн. "Жизнь национальностей" _cАстра семь _d2001 |
||
| 215 |
_a127 с. _cил., факс., портр. _d17 |
||
| 606 | 0 |
_aЗенитная артиллерия в Великой Отечественной войне _jВоспоминания, записки и т.п. _z1941 - 1945 _91126020 _3RU\NLR\auth\66446747 |
|
| 606 | 0 |
_aВеликая Отечественная война _jВоспоминания, записки и т.п. _xЗенитная артиллерия _z1941 - 1945 _92275671 _3RU\NLR\auth\661363742 |
|
| 606 | 0 |
_aВеликая Отечественная война _jВоспоминания, записки и т.п. _xРазгром немцев под Москвой _z1941 - 1945 _z1941 - 1942 _91226336 _3RU\NLR\auth\66181452 |
|
| 606 | 0 |
_aБитва под Москвой _jВоспоминания, записки и т.п. _z1941 - 1942 _92195999 _3RU\NLR\auth\661319820 |
|
| 675 |
_a355.48(47+57)<1941/1945> _v3 _zrus |
||
| 686 |
_a63.3(2)622 _2rubbk |
||
| 686 | _aЦ35(2)722-54,013 | ||
| 686 | _aЦ35(2)722.221,013 | ||
| 700 | 1 |
_aХалдеев _bМ. И. _gМихаил Иванович _4070 |
|
| 801 | 0 |
_aRU _bRKP _c20030128 _gPSBO |
|
| 801 | 1 |
_aRU _bRKP _c20030128 |
|
| 801 | 2 |
_aRU _bNLR _c20030217 _grcr |
|
| 942 | _cBOOK | ||
| 980 | _aNB | ||